000 00294nam a2200109Ia 4500
008 220204s9999 xx 000 0 und d
082 _a002
_bWEB
100 _aWebb, Sylvia P
245 0 _aPreparing a guide to your library and information service
260 _aLondon
_bAslib
_c1995
942 _cBK
999 _c40802
_d40802